|
|
|
|
| LEADER |
01026nam a22002177a 4500 |
| 020 |
|
|
|a 81-7130-270-X
|
| 082 |
|
|
|a 894.8143
|b ANA/B N3.M
|
| 100 |
|
|
|a യു ആ൪ അനന്തമൂ൪ത്തി;
|9 73652
|
| 100 |
|
|
|a U R Anantha Murthy
|9 59857
|
| 240 |
|
|
|a Bharatheepuram & Bhaaratheepura (Kannada)
|
| 245 |
|
|
|a ഊർഭാരതീപുരം = ഭാരതീപുരം (കന്നട)
|
| 250 |
|
|
|a 1st
|
| 260 |
|
|
|a Kottayam;
|b D C Books;
|c 1993
|
| 300 |
|
|
|a 247p.
|
| 650 |
|
|
|a മലയാളം; നോവല്; മലയാളം നോവല്; കന്നഡ വിവര്ത്തന നോവല്
|9 276370
|
| 650 |
|
|
|a Malayalam;Novel; Malayalam Novel; Kannada Translated Novel
|9 275916
|
| 700 |
|
|
|a സി രാഘവ൯, വിവ.
|9 73587
|
| 700 |
|
|
|a C Raghavan, Tr.
|9 276371
|
| 942 |
|
|
|c BK
|
| 999 |
|
|
|c 43445
|d 43445
|
| 952 |
|
|
|0 0
|1 0
|4 0
|6 894_814300000000000_ANA_B_N3_M
|7 0
|8 NOVET
|9 50100
|a MAL
|b MAL
|d 2015-08-24
|e 44723
|g 70.00
|l 0
|o 894.8143 ANA/B N3.M
|p MAL044723
|r 2015-08-24
|t 1
|w 2015-08-24
|y BK
|